Southville International School and Colleges
Your cart is empty.
  • Cart
  • Lists
    Public lists Eva Luna New books Lux_list list_1
    Your lists Log in to create your own lists
  • Log in to your account
  • Your cookies
  • Search history
Southville International School and Colleges
  • Advanced search
  • Recent comments
  • Most popular
  • Libraries

Log in to your account

Log in with GOOGLE


If you do not have an external account, but do have a local account, you can still log in:

  1. Home
  2. MARC view: Oxford AQA GCSE maths :
Normal view MARC view ISBD view

Oxford AQA GCSE maths : (Record no. 7280)

[ view plain ]
MARC details
000 -LEADER
fixed length control field 00682nam a22002177a 4500
003 - CONTROL NUMBER IDENTIFIER
control field OSt
005 - DATE AND TIME OF LATEST TRANSACTION
control field 20140310181929.0
008 - FIXED-LENGTH DATA ELEMENTS--GENERAL INFORMATION
fixed length control field 130722t xxu||||| |||| 00| 0 eng d
050 ## - LIBRARY OF CONGRESS CALL NUMBER
Classification number QA 37.2
Item number .C241 2011
082 ## - DEWEY DECIMAL CLASSIFICATION NUMBER
Classification number TR 510
Item number C241fpm 2011
100 ## - MAIN ENTRY--PERSONAL NAME
Personal name Dave Capewell
9 (RLIN) 2570
245 ## - TITLE STATEMENT
Title Oxford AQA GCSE maths :
Remainder of title foundation plus modular /
Statement of responsibility, etc Dave Capewell
260 ## - PUBLICATION, DISTRIBUTION, ETC. (IMPRINT)
Place of publication, distribution, etc Oxford UK.
Name of publisher, distributor, etc Oxford University Press.
Date of publication, distribution, etc c2011.
300 ## - PHYSICAL DESCRIPTION
Extent 448 p.
Other physical details ill. ; (some col.) ;
Dimensions 25 cm.
520 ## - SUMMARY, ETC.
Summary, etc Faculty
541 ## - IMMEDIATE SOURCE OF ACQUISITION NOTE
-- 1
562 ## - COPY AND VERSION IDENTIFICATION NOTE
Number of copies 1
650 ## - SUBJECT ADDED ENTRY--TOPICAL TERM
Topical term or geographic name as entry element Mathematics
General subdivision Examinations.
-- Study guides.
9 (RLIN) 2571
650 ## - SUBJECT ADDED ENTRY--TOPICAL TERM
Topical term or geographic name as entry element Mathematics
General subdivision Problems, exercises, etc.
9 (RLIN) 2572
942 ## - ADDED ENTRY ELEMENTS (KOHA)
Source of classification or shelving scheme Library of Congress Classification
Koha item type
Call number prefix
Holdings
Withdrawn status Lost status Source of classification or shelving scheme Damaged status Home library Current library Shelving location Date acquired Total Checkouts Full call number Barcode Date last seen Copy number Price effective from Koha item type
    Library of Congress Classification   Luxembourg Library Luxembourg Library Teachers Reference Section 07/22/2013   QA 37.2 .C241 2011 19439 08/13/2013 1 07/22/2013 Books

Oxford AQA GCSE maths :

APA

Dave Capewell, . (2011). Oxford AQA GCSE maths. Oxford UK: Oxford University Press.

Chicago

Dave Capewell, . 2011. Oxford AQA GCSE maths. Oxford UK: Oxford University Press.

Harvard

Dave Capewell, . (2011). Oxford AQA GCSE maths. Oxford UK: Oxford University Press.

MLA

Dave Capewell, . Oxford AQA GCSE maths. Oxford UK: Oxford University Press. 2011.

  • Place hold
  • Print
  • Cite
  • Add to your cart (remove)
  • Save record
    BIBTEX Dublin Core MARCXML MARC (non-Unicode/MARC-8) MARC (Unicode/UTF-8) MARC (Unicode/UTF-8, Standard) MODS (XML) RIS
  • More searches
    Search for this title in:
    Other Libraries (WorldCat) Other Databases (Google Scholar) Online Stores (Bookfinder.com) Open Library (openlibrary.org)

Exporting to Dublin Core...

SOUTHVILLE LIBRARY

Southville International School and Colleges Library

1281 Tropical Ave. Cor. Luxembourg St., BF Homes International, Las Pinas City

Tel. No. 8256374 / 252358 Loc. 117/146

Powered by Koha